Resortes de la creatividad científica: ensayos sobre fundadores de la ciencia moderna

محفوظ في:
التفاصيل البيبلوغرافية
المؤلفون الرئيسيون: Aris, Rutherford (مؤلف), Davis, H. Ted (مؤلف), Stuewer, Roger H (مؤلف)
التنسيق: كتاب
اللغة:الإسبانية
منشور في: Santiago Fondo de Cultura Económica 1995
سلاسل:Sección de Obras de Ciencia y Tecnología
الموضوعات:
الوسوم: إضافة وسم
لا توجد وسوم, كن أول من يضع وسما على هذه التسجيلة!

MARC

LEADER 00000nam a2200000 a 4500
001 UCQ2587
003 CL-VaPUC
008 980724e19950000CL |||||||||||||||||spa|d
082 0 4 |a 502  |b ARI  |2 21 
100 0 |a Aris, Rutherford  |e author  |9 416565 
700 0 |a Davis, H. Ted  |e author  |9 416566 
700 0 |a Stuewer, Roger H  |e author  |9 416567 
245 1 0 |a Resortes de la creatividad científica: ensayos sobre fundadores de la ciencia moderna 
300 |a 292 p 
942 |c BK 
945 |d 19980724 00:00:00  |a aarredon 
260 |a Santiago  |b Fondo de Cultura Económica  |c 1995 
650 0 |a Científicos   |9 262025 
650 7 |a CREADORES  |2 CL-VaPUC  |9 416568 
650 0 |a Ciencia  |9 255691 
650 0 |a Ensayos  |9 268724 
650 0 |a Creatividad   |9 310816 
583 |a last modification  |c 19980724 00:00:00  |k Rodrigo Vera 
490 0 |a Sección de Obras de Ciencia y Tecnología 
999 |c 273388  |d 273386 
952 |0 0  |1 0  |4 0  |6 502_000000000000000_ARI_1995  |7 0  |8 A  |9 308905  |a BIBING  |b BIBING  |d 2019-11-20  |i 3446255  |o 502 ARI 1995  |p 3446255  |r 2025-01-20  |w 2019-11-20  |y BK  |k GEO